| 000 | 00477nam a2200181Ia 4500 | ||
|---|---|---|---|
| 003 | GCL | ||
| 008 | 140319s9999 xx 000 0 eng d | ||
| 040 |
_aGCL / _cGCL |
||
| 082 | 0 | 4 |
_a947.0842092 _bL J |
| 100 | 1 | _aLEVER, JOHN | |
| 245 | 1 | 0 |
_aJOSEPH STALIN FRAM REVOLUTIONARY TO DESPOT / _cLEVER, JOHN |
| 260 |
_a[S.N] : _bHODDER AND STOUGHTON ، _c1993 |
||
| 300 | _a124 P | ||
| 650 | 0 | 4 | _aHISTORY |
| 650 | 0 | 4 | _aEASTERN EUROPE |
| 650 | 0 | 4 | _aSTALIN, JOSEPH |
| 942 |
_2ddc _cBK |
||
| 999 |
_c10278 _d10278 |
||